Welcome to CU Library Online Public Access Catalogue (OPAC)

Accounting for decision making and control / (Record no. 2726)

MARC details
000 -LEADER
fixed length control field 00895cam a22002414a 4500
001 - CONTROL NUMBER
control field 1686248
005 - DATE AND TIME OF LATEST TRANSACTION
control field 20250120134156.0
008 - FIXED-LENGTH DATA ELEMENTS--GENERAL INFORMATION
fixed length control field 990429s2000 mau b 001 0 eng
020 ## - INTERNATIONAL STANDARD BOOK NUMBER
International Standard Book Number 0073039373
020 ## - INTERNATIONAL STANDARD BOOK NUMBER
International Standard Book Number 9780073039374
050 00 - LIBRARY OF CONGRESS CALL NUMBER
Classification number HF5657.4
Item number .Z55 2000
082 00 - DEWEY DECIMAL CLASSIFICATION NUMBER
Classification number 658.15/11
Edition information 21
100 1# - MAIN ENTRY--PERSONAL NAME
Personal name Zimmerman, Jerold L.,
Dates associated with a name 1947-
245 10 - TITLE STATEMENT
Title Accounting for decision making and control /
Statement of responsibility, etc. Jerold L. Zimmerman.
250 ## - EDITION STATEMENT
Edition statement 3rd ed.
260 ## - PUBLICATION, DISTRIBUTION, ETC.
Place of publication, distribution, etc. Boston :
Name of publisher, distributor, etc. Irwin/McGraw-Hill,
Date of publication, distribution, etc. c2000.
300 ## - PHYSICAL DESCRIPTION
Extent xxi, 730 p. ;
Dimensions 26 cm.
650 #0 - SUBJECT ADDED ENTRY--TOPICAL TERM
Topical term or geographic name entry element Managerial accounting.
856 42 - ELECTRONIC LOCATION AND ACCESS
Materials specified Publisher description
Uniform Resource Identifier <a href="http://www.loc.gov/catdir/description/mh023/99031784.html">http://www.loc.gov/catdir/description/mh023/99031784.html</a>
856 41 - ELECTRONIC LOCATION AND ACCESS
Materials specified Table of contents
Uniform Resource Identifier <a href="http://www.loc.gov/catdir/toc/mh023/99031784.html">http://www.loc.gov/catdir/toc/mh023/99031784.html</a>
856 42 - ELECTRONIC LOCATION AND ACCESS
Materials specified Contributor biographical information
Uniform Resource Identifier <a href="http://www.loc.gov/catdir/enhancements/fy0707/99031784-b.html">http://www.loc.gov/catdir/enhancements/fy0707/99031784-b.html</a>
942 ## - ADDED ENTRY ELEMENTS (KOHA)
Source of classification or shelving scheme Library of Congress Classification
Koha item type Books
Edition 3rd Ed.
Suppress in OPAC No
999 ## -
-- 2726
-- 2726
Holdings
Withdrawn status Lost status Source of classification or shelving scheme Damaged status Not for loan Collection Home library Current library Shelving location Date acquired Total checkouts Full call number Barcode Date last seen Copy number Price effective from Koha item type Public note
    Library of Congress Classification     Non-fiction Business Library (Miotso) Business Library (Miotso) General stacks 01/20/2025   HF5657.4 .Z55 2000 BSSM00000505 01/20/2025 1 01/20/2025 Books  
    Library of Congress Classification     Non-fiction Business Library (Miotso) Business Library (Miotso) General stacks 01/20/2025   HF5657.4 .Z55 2000 BSSM00000506 01/20/2025 2 01/20/2025 Books  
    Library of Congress Classification     Non-fiction Graduate Library (Christ Temple) Graduate Library (Christ Temple) General stacks 02/20/2026   HF 5657 ZIM GSCT00002771 02/20/2026 1 02/20/2026 Books EAQ
    Library of Congress Classification     Non-fiction Graduate Library (Christ Temple) Graduate Library (Christ Temple) General stacks 02/20/2026   HF 5657 ZIM GSCT00002772 02/20/2026 2 02/20/2026 Books EAQ
© 2023-2024 Copyright: Central University Libraries. All Rights Reserved | Created by: Mahone Tech Office